|
|
|
|
| LEADER |
00000nab a2200000 a 4500 |
| 001 |
vtls000764500 |
| 003 |
SK-MaSNL |
| 005 |
20260304124724.0 |
| 008 |
250429c2000 xo 0 slo |
| 015 |
|
|
|a SNBRB2001/08-23304
|
| 035 |
|
|
|a CLN000116287
|
| 035 |
|
|
|a (urnnbn)urn:nbn:sk:snk:ar-003h7r
|
| 035 |
|
|
|a (uuid)74000ac9-5e09-4bfd-9d12-16c3a0a532cd
|
| 035 |
|
|
|a urn:nbn:sk:snk-ab7tbq
|
| 040 |
|
|
|a SNKBUCL
|b slo
|c SNKBUCL
|e AACR2
|
| 041 |
0 |
|
|a eng
|
| 044 |
|
|
|a xo
|c SK
|
| 080 |
|
|
|a 630 81:547.458.84
|2 1997
|
| 080 |
|
|
|a 674.038.1:547.458.84
|2 1997
|
| 080 |
|
|
|a 547.458.84
|2 1997
|
| 245 |
0 |
0 |
|a Study of the overall alterations of hornbeam wood chips (Carpinus betulus L.) ...
|c Rastislav Solár ... [et al.]
|
| 300 |
|
|
|b Obr., tab.
|
| 504 |
|
|
|a Res. angl., nem., rus., slov.
|
| 504 |
|
|
|a Bibliogr. odkazy
|
| 650 |
0 |
7 |
|a hrab
|2 snkbucl
|9 100723
|
| 650 |
0 |
7 |
|a lignín
|2 snkbucl
|9 15198
|
| 650 |
0 |
7 |
|a drevo hrabové
|2 snkbucl
|9 1252346
|
| 650 |
0 |
7 |
|a huby
|2 snkbucl
|9 3562
|
| 650 |
0 |
7 |
|a biodegradácia
|2 snkbucl
|9 16268
|
| 650 |
0 |
7 |
|a Phanerochaete chysosporium
|2 snkbucl
|9 1436244
|
| 655 |
|
7 |
|a články z novín a časopisov
|2 snkbucl
|9 267496
|
| 700 |
1 |
|
|a Solár, Rastislav,
|d 1943-
|4 aut
|9 93206
|
| 700 |
1 |
|
|a Kačík, František,
|d 1958-
|4 aut
|9 158956
|
| 700 |
1 |
|
|a Košíková, Božena,
|d 1938-2020
|4 aut
|9 222453
|
| 700 |
1 |
|
|a Reinprecht, Ladislav,
|d 1953-
|4 aut
|9 100308
|
| 700 |
1 |
|
|a Čunderlík, Igor,
|d 1949-
|4 aut
|9 113336
|
| 773 |
0 |
|
|t Drevársky výskum
|g Roč. 45, č. 4 (2000), s. 19-31
|x 0012-6136
|
| 850 |
|
|
|a Slovenská národná knižnica
|
| 852 |
|
|
|a Slovenská národná knižnica
|
| 958 |
|
|
|a article9
|
| 958 |
|
|
|a NB
|
| 958 |
|
|
|a OND
|
| 958 |
|
|
|a EUIPO
|
| 992 |
|
|
|a RBX
|
| 999 |
|
|
|c 2891997
|d 2893927
|